Am thuc -Le hoi dan gian KHMER o Kien Giang /

Spremljeno u:
Bibliografski detalji
Glavni autor: Dao Chuong
Format: Nepoznato
Jezik:Vietnamese
Izdano: H. : Hội nhà văn , 2019.
Teme:
Oznake: Dodaj oznaku
Bez oznaka, Budi prvi tko označuje ovaj zapis!
Thư viện lưu trữ: Mạng thư viện Đại học Đà Nẵng
LEADER 00932na a2200277 4500
001 000030508
003 4092
005 20251104160929.0
008 151001s2019 000 vie
020 |a 9786049838545 
040 |a LNN 
082 |a 895.922  |b DA-C 
100 |a Dao Chuong 
245 0 |a Am thuc -Le hoi dan gian KHMER o Kien Giang /  |c Dao Chuong. 
260 |a H. :  |b Hội nhà văn ,  |c 2019. 
300 |a 199tr: ; 20.5 cm. 
653 |a Am thuc -Le hoi dan gian KHMER o Kien Giang/Am thuc -Le hoi 
OWN |a LNN 
AVA |a UDN50  |b LNN  |d 895.922 DA-C  |e available  |t Error 5001 Not defined in file expand_doc_bib_avail.  |f 1  |g 0  |h N  |i 0 
999 |a From the UDN01 
AVA |a UDN50  |b LNN  |d 895.922 DA-C  |e available  |t Error 5001 Not defined in file expand_doc_bib_avail.  |f 1  |g 0  |h N  |i 0 
TYP |a Printed language 
980 |a Mạng thư viện Đại học Đà Nẵng